000
00258nam a22001097a 4500
082
_a
355.02 HAS'V
100
_a
HASTINGS, MAX
_9
48738
245
_a
VICTORY IN EUROPE, D-DAY TO V-E DAY
260
_a
BOSTON
_b
LITTLE BROWN
_c
1985
300
_a
192P
942
_c
BK
999
_c
574920
_d
574920